Score 0/54 Timer 10:00
3 Plays Today
Place % Correct
China
96.4%
China
96.4%
Russia
90.2%
United States
88.3%
United States
88.3%
Texas
86.7%
California
81.8%
Alaska
79.3%
Rhode Island
76.9%
Vatican City
72.3%
Brazil
71.5%
Ohio
70.7%
Washington
70.1%
Utah
68.1%
Maine
66.2%
Beijing
64%
Montana
62.9%
Tokyo
62.6%
Delaware
62.1%
Vermont
61.6%
Monaco
60.4%
New Hampshire
59.3%
Australia
58.6%
Hawaii
58.3%
New Mexico
55.9%
Indonesia
55.6%
Iran
54.7%
Place % Correct
Iran
54.7%
Colorado
52.6%
San Marino
50.5%
New Jersey
50.3%
Fiji
50.1%
Moscow
48.9%
Mexico City
48.3%
South Dakota
47.1%
Pakistan
42%
Pennsylvania
41.5%
Nauru
41.3%
Nigeria
39.4%
Kazakhstan
37%
Mongolia
35.6%
Bangladesh
31.2%
Buenos Aires
28.5%
Saudi Arabia
27.3%
Singapore
27.2%
Algeria
27.2%
Lima
27.1%
Philippines
25.4%
Seychelles
19.8%
Maldives
19.6%
Grenada
17.5%
Kinshasa
13%
Guinea-Bissau
5%
Santo Domingo
1.9%
Remove Ads.
Support Sporcle.
Get the best of Sporcle when you Go Orange. This ad-free experience offers more features, more stats, and more fun while also helping to support Sporcle. Thank you for becoming a member.

You're not logged in!

Compare scores with friends on all Sporcle quizzes.
OR
Log In

Sporcle TV

Today on Sporcle TV


Watch our educational content, quiz creation guides, and fun videos on Sporcle TV.

Show Comments

Extras

Top Quizzes Today


Score Distribution

Paid Content

Your Account Isn't Verified!

In order to create a playlist on Sporcle, you need to verify the email address you used during registration. Go to your Sporcle Settings to finish the process.

Report this User

Report this user for behavior that violates our Community Guidelines.

Details: